S13 駅名クイズ - 京浜急行電鉄 ver. - Statistics

General Stats
  • This quiz has been taken 113 times
  • The average score is 58 of 77
Answer Stats
Number Answer % Correct
KK37 横浜
99%
A07 泉岳寺
97%
KK01 品川
97%
KK11 京急蒲田
97%
KK11 京急蒲田
97%
KK20 京急川崎
95%
KK20 京急川崎
95%
KK36 神奈川
92%
KK49 金沢文庫
92%
KK50 金沢八景
91%
KK50 金沢八景
91%
KK29 京急鶴見
90%
KK02 北品川
88%
KK44 上大岡
88%
KK67 京急久里浜
88%
KK04 青物横丁
87%
KK35 京急東神奈川
87%
KK72 三崎口
87%
KK59 横須賀中央
86%
KK64 浦賀
86%
KK53 逗子・葉山
86%
KK34 神奈川新町
84%
KK16 羽田空港第3ターミナル
83%
KK05 鮫洲
82%
KK15 天空橋
82%
KK68 YRP野比
82%
KK06 立会川
81%
KK07 大森海岸
79%
KK08 平和島
79%
KK19 六郷土手
79%
KK32 京急新子安
79%
KK26 小島新田
79%
KK71 三浦海岸
79%
KK27 八丁畷
77%
KK33 子安
77%
KK17 羽田空港第1・第2ターミナル
77%
KK61 堀ノ内
75%
KK23 川崎大師
75%
KK61 堀ノ内
75%
KK03 新馬場
74%
KK18 雑色
73%
KK31 生麦
73%
KK41 南太田
73%
KK46 杉田
73%
KK10 梅屋敷
71%
KK28 鶴見市場
71%
KK12 糀谷
71%
KK39 日ノ出町
70%
KK40 黄金町
70%
KK43 弘明寺
70%
KK54 追浜
70%
KK09 大森町
69%
KK30 花月総持寺
69%
KK47 京急富岡
69%
KK55 京急田浦
68%
KK13 大鳥居
68%
KK38 戸部
66%
KK42 井土ヶ谷
66%
KK48 能見台
66%
KK60 県立大学
65%
KK63 馬堀海岸
65%
KK14 穴守稲荷
65%
KK52 神武寺
65%
KK21 港町
64%
KK56 安針塚
61%
KK22 鈴木町
58%
KK70 津久井浜
58%
KK45 屏風浦
57%
KK65 新大津
57%
KK66 北久里浜
57%
KK69 京急長沢
57%
KK57 逸見
56%
KK58 汐入
56%
KK25 大師橋
56%
KK51 六浦
56%
KK62 京急大津
53%
KK24 東門前
52%
No matching quizzes found
Score Distribution
Percent of People with Each Score
Percentile by Number Answered
Your Score History
You have not taken this quiz